Indonesian cities - Sudden Death - Statistics

General Stats
  • This quiz has been taken 83 times
  • The average score is 9 of 10
Answers on the Grid
Answers color-coded by a green-red scale on the quiz's grid according to % correct below.
Jakarta
Surabaya
Palembang
Bandung
Yogyakarta
Denpasar
Medan
Makassar
Jayapura
Kupang
Chittagong
Nitra
Durham
Dipolog
Yangon
Bangalore
Phuket
Busan
Antalya
Samara
 
Answer Stats
Answer % Correct
Jakarta
96%
Yogyakarta
91%
Makassar
90%
Surabaya
90%
Bandung
88%
Palembang
87%
Denpasar
86%
Jayapura
86%
Medan
83%
Kupang
79%
No matching quizzes found
Score Distribution
Percent of People with Each Score
Percentile by Number Answered
Your Score History
You have not taken this quiz